[Event "Pardubice Czech op"]
[Site "Pardubice"]
[Date "1998.??.??"]
[Round "2"]
[White "Sabol, Marian"]
[Black "Namgilov, Sogto"]
[Result "0-1"]
[WhiteElo "2260"]
[BlackElo "2430"]
[PlyCount "68"]
[EventDate "1998.07.??"]
[EventType "swiss"]
[EventRounds "9"]
[EventCountry "CZE"]
[SourceTitle "EXT 2000"]
[Source "ChessBase"]
[SourceDate "1999.11.16"]
[SourceVersion "1"]
[SourceVersionDate "1999.11.16"]
[SourceQuality "1"]

1. d4 Nf6 2. Nf3 e6 3. c4 d5 4. Nc3 Be7 5. Bg5 h6 6. Bh4 0-0 7. e3 b6 8. Rc1 Bb7 9. Be2 dxc4 10. Bxc4 Nbd7 11. 0-0 c5 12. dxc5 Nxc5 13. Qxd8 Rfxd8 14. Rfd1 Kf8 15. Kf1 a6 16. Be2 b5 17. a3 Nb3 18. Rxd8+ Rxd8 19. Rd1 Rc8 20. Bg3 Nd5 21. Nxd5 Bxd5 22. a4 Nc1 23. axb5 Nxe2 24. Kxe2 Bc4+ 25. Kd2 axb5 26. Be5 f6 27. Bc3 Bd5 28. Rc1 e5 29. Ke2 Kf7 30. Bd2 Bc4+ 31. Ke1 Ra8 32. Bc3 Bd5 33. b4 Ke6 34. Kf1 Rc8 0-1

[Event "Budapest Nyar op"]
[Site "Budapest"]
[Date "1998.??.??"]
[Round "4"]
[White "Szabo, Zsolt Jozsef"]
[Black "Namgilov, Sogto"]
[Result "0-1"]
[WhiteElo "2415"]
[BlackElo "2430"]
[PlyCount "74"]
[EventDate "1998.??.??"]
[EventType "swiss"]
[EventRounds "9"]
[EventCountry "HUN"]
[SourceTitle "EXT 2000"]
[Source "ChessBase"]
[SourceDate "1999.11.16"]
[SourceVersion "1"]
[SourceVersionDate "1999.11.16"]
[SourceQuality "1"]

1. d4 d5 2. c4 c6 3. e3 Nf6 4. Bd3 e6 5. Nf3 dxc4 6. Bxc4 c5 7. 0-0 a6 8. a4 Nc6 9. Qe2 cxd4 10. Rd1 Be7 11. exd4 0-0 12. Nc3 Nd5 13. Bd3 Ncb4 14. Bb1 b6 15. Ne5 Bb7 16. Ra3 Rc8 17. Ne4 f5 18. Rg3 Rxc1 19. Rxc1 Nf4 20. Qe1 fxe4 21. Bxe4 Bxe4 22. Qxe4 Qxd4 23. Qxd4 Ne2+ 24. Kf1 Nxd4 25. Nd7 Rd8 26. Nxb6 Nf5 27. Rg4 Nd3 28. Rc2 Bf6 29. Nc4 Rb8 30. a5 Rb4 31. Ke2 h5 32. Kxd3 hxg4 33. Re2 Rb3+ 34. Ke4 Kf7 35. Kf4 Rd3 36. Re4 Nh6 37. b4 g5# 0-1

[Event "Budapest FS03 GM"]
[Site "Budapest"]
[Date "1996.??.??"]
[Round "11"]
[White "Gyimesi, Zoltan"]
[Black "Namgilov, Sogto"]
[Result "1/2-1/2"]
[WhiteElo "2545"]
[BlackElo "2425"]
[PlyCount "24"]
[EventDate "1996.03.??"]
[EventType "tourn"]
[EventRounds "13"]
[EventCountry "HUN"]
[EventCategory "9"]
[SourceTitle "CBM 053"]
[Source "ChessBase"]
[SourceDate "1996.08.01"]
[SourceVersion "1"]
[SourceVersionDate "1996.08.01"]
[SourceQuality "1"]

1. d4 d5 2. c4 c6 3. Nf3 Nf6 4. Nc3 a6 5. a4 e6 6. e3 c5 7. Be2 Nc6 8. 0-0 dxc4 9. Bxc4 Be7 10. Qe2 0-0 11. Rd1 Qc7 12. Bd2 b6 1/2-1/2

[Event "RUS-ch"]
[Site "Elista"]
[Date "1996.??.??"]
[Round "5"]
[White "Khalifman, Alexander"]
[Black "Namgilov, Sogto"]
[Result "1-0"]
[WhiteElo "2640"]
[BlackElo "2495"]
[PlyCount "77"]
[EventDate "1996.10.15"]
[EventType "swiss"]
[EventRounds "11"]
[EventCountry "RUS"]
[SourceTitle "CBM 056"]
[Source "ChessBase"]
[SourceDate "1997.02.01"]
[SourceVersion "1"]
[SourceVersionDate "1997.02.01"]
[SourceQuality "1"]

1. d4 Nf6 2. c4 e6 3. Nf3 b6 4. g3 Ba6 5. b3 Bb4+ 6. Bd2 Be7 7. Bg2 c6 8. Bc3 d5 9. Ne5 Nfd7 10. Nxd7 Nxd7 11. Nd2 0-0 12. 0-0 Rb8 13. Bb2 b5 14. c5 e5 15. dxe5 Nxc5 16. Rc1 Qd7 17. f4 Qg4 18. Bd4 Ne6 19. Bxa7 Ra8 20. Bf2 Bb7 21. e4 Qxd1 22. Rfxd1 Rxa2 23. exd5 cxd5 24. f5 Nd8 25. Nf1 Bg5 26. Rc7 g6 27. h4 Bh6 28. Bc5 Re8 29. Bxd5 Bxd5 30. Rxd5 Ra8 31. g4 Bf4 32. Bd6 h5 33. Rxb5 hxg4 34. Rc4 Bh6 35. Rxg4 Kh7 36. fxg6+ fxg6 37. Ng3 Bg7 38. h5 g5 39. Ne4 1-0

[Event "RUS-ch"]
[Site "Elista"]
[Date "1996.??.??"]
[Round "1"]
[White "Landa, Konstantin"]
[Black "Namgilov, Sogto"]
[Result "0-1"]
[WhiteElo "2560"]
[BlackElo "2425"]
[PlyCount "78"]
[EventDate "1996.10.15"]
[EventType "swiss"]
[EventRounds "11"]
[EventCountry "RUS"]
[SourceTitle "CBM 056"]
[Source "ChessBase"]
[SourceDate "1997.02.01"]
[SourceVersion "1"]
[SourceVersionDate "1997.02.01"]
[SourceQuality "1"]

1. Nf3 d5 2. d4 Nf6 3. c4 c6 4. Nc3 dxc4 5. a4 Bf5 6. Ne5 e6 7. f3 Bb4 8. e4 Bxe4 9. fxe4 Nxe4 10. Bd2 Qxd4 11. Nxe4 Qxe4+ 12. Qe2 Bxd2+ 13. Kxd2 Qd5+ 14. Kc2 Na6 15. Nxc4 0-0-0 16. Qe5 f6 17. Qxd5 cxd5 18. Na5 Nc7 19. b4 e5 20. g3 f5 21. h4 h5 22. Rh2 Ne6 23. Rd1 e4 24. Nb3 d4 25. Bc4 d3+ 26. Kd2 Rhe8 27. Ke3 Kb8 28. a5 Nc7 29. a6 b5 30. Bf7 Re7 31. Bxh5 Nd5+ 32. Kd2 Nxb4 33. Kc3 Nxa6 34. Bg6 Re5 35. Rf1 e3 36. Ra2 d2 37. Bh5 e2 38. Bxe2 Re3+ 39. Kc2 Nb4+ 0-1